| 000 | 02286nam a2200229 4500 | ||
|---|---|---|---|
| 001 | 0000000518 | ||
| 005 | 20250329165509.0 | ||
| 008 | 170718s2023 000 0 eng d | ||
| 040 |
_aCO-CtgCURN _bspa _ccoctgcurn |
||
| 082 | 0 |
_aTSI 2023 _bR696 |
|
| 100 | 1 | _aRodríguez de Ávila, Carlos. | |
| 245 | 1 | 0 |
_aModelo de predicción de enfermedades CV con el método de Framingham / _cCarlos Rodríguez de Ávila; Joel David Mendoza Cabeza; asesor: Luis Alfredo Blanquicet Benavidez. |
| 260 |
_aCartagena de Indias : _bCorporación Universitaria Rafael Nuñez, _c2023. |
||
| 504 | _aTrabajo de grado (Tecnologo en sistemas de información y software). Corporación Universitaria Rafael Nuñez. Facultad de ingenieria de sistema. Tecnologia en sistema de información y software, 2023. | ||
| 520 | _a"El riesgo cardiovascular global, definido como la probabilidad de presentar un evento en un periodo determinado, se considera como el mejor método de abordaje de la enfermedad arterioesclerótica; el método de cálculo, a través de las llamadas tablas de riesgo cardiovascular (método cuantitativo), ha sido muy divulgado a raíz del estudio de Framingham, base de casi todas ellas. Las sociedades científicas en sus recomendaciones para la prevención de la enfermedad coronaria utilizan estas tablas para identificar a los pacientes de alto riesgo, prioritarios a la hora de intervenir con fármacos sobre los distintos factores de riesgo; sin embargo existen distintas tablas y existe la controversia de si son válidas al aplicarlas en otro tipo de poblaciones de riesgo coronario bajo, como la española; en esta investigación nuestro objetivo es describir las tablas de riesgo más importantes, variables que utilizan, ventajas e inconvenientes, así como su aplicación en la práctica clínica" | ||
| 650 | 0 |
_aSistemas de información y software _xTesis y disertaciones academicas. |
|
| 700 | 1 | _aMendoza Cabeza, Joel David. | |
| 700 | 1 |
_aBlanquicet Benavidez, Luis Alfredo, _easesor. |
|
| 856 |
_uhttps://unicurn.sharepoint.com/:b:/s/biblioteca/EY6Q9D7PB6FHmFFiSERao0UBYH2tlcLYwSPc-kPS4y8isg?e=2aMgyV _zClick aqui para ver el recurso en texto completo |
||
| 942 |
_hTSI 2023 _iR696 _2ddc _cTG |
||
| 999 |
_c5981 _d5981 |
||